| 000 | 00810nam a2200205Ia 4500 | ||
|---|---|---|---|
| 003 | OSt | ||
| 005 | 20260608090821.0 | ||
| 008 | 210210b2001 xxu||||| |||| 00| 0 eng d | ||
| 040 | _cAL | ||
| 041 | _aKannada | ||
| 082 | _a398.092K SHAF | ||
| 100 |
_aSHANKARANARAYANA (Ti Nam). _dಶಂಕರನಾರಾಯಣ (ತಿ. ನಂ.) _9265447 |
||
| 245 |
_aFinlandina janapada vidvamsaru. sahasramanada janapada : 12. _bಫಿನ್ಲೆಂಡಿನ ಜಾನಪದ ವಿದ್ವಾಂಸರು. ಸಹಸ್ರಮಾನದ ಜಾನಪದ |
||
| 260 |
_aBengaluru. _bKarnataka Janapada mattu Yakshagana Akademi., _c2001 |
||
| 300 | _a220 | ||
| 650 |
_aಜಾನಪದ | ಜೀವನಚರಿತ್ರೆ (Janapada | Biography) _9265450 |
||
| 690 |
_aBiography _9265449 |
||
| 906 | _a057754 | ||
| 942 |
_2ddc _cBK |
||
| 999 |
_c105166 _d105166 |
||